| 000 | 00789cam a2200229 i 4500 | ||
|---|---|---|---|
| 999 |
_c50412 _d50412 |
||
| 001 | 16547156 | ||
| 005 | 20221114150435.0 | ||
| 008 | 101119t20112011njua 001 0 eng | ||
| 020 | _a9780470598900x | ||
| 041 | _aeng | ||
| 080 | _a611(075.8) A-38 | ||
| 100 | 1 |
_aAllen, Connie _d _97394 |
|
| 245 | 1 | 0 |
_aLaboratory Manual for Anatomy and Physiology / _cConnie Allen, Valerie Harper. |
| 250 | _aFourth Edition. | ||
| 264 |
_aHoboken, NJ : _bWiley, _c[2011], ©2011. |
||
| 300 |
_axiii, 738 pages : _billustrations ; _c28 cm |
||
| 653 | _aანატომია | ||
| 653 | _aფიზიოლოგია | ||
| 653 | _a ლაბორატორიული სახელმძღვანელო | ||
| 700 | 1 |
_aHarper, Valerie _eავტორი _97398 |
|
| 942 |
_2udc _cBK |
||